000 00394nam a2200181Ia 4500
001 10069
005 20260306161804.0
008 260306t1999||||xx |||||||||||||| ||spa||
041 _aESP
082 _a871.1
_bO93
100 _aOvidio
_eAUT
245 0 _aLas metamorfosis texto impreso
260 _c1999
300 _a
_c
650 _aGEN
654 _aCHU
942 _cLIB
_dJUS
_fJUS
_2ddc
_n
999 _c10069
_d10069